Stades de National (2023-2024) - Statistiques

Statistiques générales
  • Ce quiz a été pris 25 fois
    6 depuis la dernière actualisation
  • Le résultat moyen est 9 sur 18
Statistiques - réponses
Commune Stade Capacité % Correct
FC Sochaux Stade Auguste Bonal 20 005
83%
FC Versailles Stade Jean-Bouin 20 000
83%
AS Nancy-Lorraine Stade Marcel-Picot 20 087
83%
Red Star Stade Bauer 5 400
67%
US Orléans Stade de la Source 7 533
67%
Nîmes Olympique Stade des Antonins 8 033
67%
Dijon FCO Stade Gaston-Gérard 18 376
67%
Le Mans FC Stade Marie-Marvingt 25 064
67%
FC Rouen Stade Robert-Diochon 8 372
67%
LB Châteauroux Stade Gaston-Petit 17 072
50%
FC Villefranche Beaujolais Stade Armand Chouffet 3 500
33%
SAS Épinal Stade de la Colombière 2 250
33%
Chamoins Niortais Stade René-Gaillard 6 398
33%
FC Martigues Stade Francis-Turcan 8 289
17%
GOAL FC Stade Ludovic-Giuly 600
17%
US Avranches Stade René-Fenouillère 2 650
17%
Marignane GCBFC Stade Saint-Exupéry 1 500
17%
SO Cholet Stade Omnisport de Cholet 2 635
0%
Aucun quiz correspondant
Distribution des résultats
% des personnes avec chaque résultat
Percentile par nombre de réponses
Votre historique - résultats
Vous n’avez pas pris ce quiz depuis la dernière actualisation